Руководство по проектированию, организации и проведению массовых взрывов на подъемных рудниках Всесоюзного промышленного объединения "Союзметаллургпром"

Bibliographische Detailangaben
Körperschaft: Восточный науно-исследовательский горнорудный институт (ВостНИГРИ)
Sprache:Russisch
Veröffentlicht: Новокузнецк, [Б. и.], 1982
Schlagworte:
Format: Buch
KOHA link:https://koha.lib.tpu.ru/cgi-bin/koha/opac-detail.pl?biblionumber=300385

MARC

LEADER 00000nam0a2200000 4500
001 300385
005 20231102001309.0
035 |a (RuTPU)RU\TPU\book\325538 
090 |a 300385 
100 |a 20150709d1982 km y0rusy50 ca 
101 0 |a rus 
102 |a RU 
105 |a a z 001zy 
200 1 |a Руководство по проектированию, организации и проведению массовых взрывов на подъемных рудниках Всесоюзного промышленного объединения "Союзметаллургпром"  |f Восточный науно-исследовательский горнорудный институт (ВостНИГРИ) 
210 |a Новокузнецк  |c [Б. и.]  |d 1982 
215 |a 289 с.  |c ил. 
320 |a Библиогр.: с. 287-289 
606 1 |a Взрывные работы  |2 stltpush  |3 (RuTPU)RU\TPU\subj\2381  |9 30957 
610 1 |a массовые взрывы 
610 1 |a проектирование 
610 1 |a проведение 
610 1 |a безопасность 
610 1 |a буровзрывные комплексы 
610 1 |a отбойка 
610 1 |a рациональные методы 
610 1 |a оптимальные параметры 
610 1 |a подземные рудники 
610 1 |a руководства 
675 |a 622.235.6  |v 4 
712 0 2 |a Восточный науно-исследовательский горнорудный институт (ВостНИГРИ)  |2 stltpush  |3 (RuTPU)RU\TPU\col\24137 
801 1 |a RU  |b 63413507  |c 20150709 
801 2 |a RU  |b 63413507  |c 20180531  |g RCR 
942 |c BK